00636nam a2200217Ia 4500003000900000008004100009040001300050040001300063041000900076100002200085100000900107245003200116250001100148260001200159260000900171300001000180490000600190942000700196999001700203952019800220IT-RoPAU120407s9999 xx 000 0 und d aIT-RoPAU cIT-RoPAU alat  aLudovicus Wouters ccssr aManuale theologiae moralis. aBrugis aBeyaert c1932 c25 cm v1 cBK c23809d23809 00102ddc406241_34000000000000071aPAULUSbPAULUSd2012-04-11l0o241.34r2012-04-11 00:00:00w2012-04-11yBKzInserito da: Jole In data: 27 settembre 2011 fondo: Via A.Severo 56 Progr:25473